000 00829nam a2200253 i 4500
001 6137
003 ES-MaACL
005 20250405234412.0
008 890811s1989 sp |||| | spa d
020 _a84-7658-126-2
080 _a1 Derrida
100 1 _aDerrida, Jacques.
_943797
245 1 3 _aLa escritura y la diferencia /
_cJacques Derrida ; traducción de Patricio Peñalver.
250 _a1ª ed.
260 _aBarcelona :
_bAnthropos,
_c1989.
300 _a413 p. ;
_c20 cm.
490 1 _aPensamiento crítico/pensamiento utópico ;
_v38
650 1 4 _aEscritura-
_xFilosofía.
_9168361
650 0 4 _aDiferencia (filosofía)
_911886
700 1 _aPeñalver, Patricio,
_d1951-
_990308
830 0 _aPensamiento crítico/pensamiento utópico ;
_v38
_9177290
852 _aES-MaACL
_jL-13279
999 _c6137
_d6137